000 00700nam a2200229 a 4500
005 20240913063729.0
008 011122s1991 mx r 000 0 spa d
020 _a9505181809
035 _aUPN01000114019
049 _aCG
050 4 _aHB801
_bF4.28
100 1 _aFeatherstone, Mike
245 1 0 _aCultura de consumo y posmodernismo /
_cMike Featherstone ; tr. Eduardo Sinnott.
260 _aBuenos Aires :
_bAmorrortu,
_cc1991.
300 _a256 p.
590 _aBibliografía Básica (BGTQ)
590 0 _a(También localizas un ejemplar en el "Área de Reserva")
650 4 _aConsumo (Economía)
_96948
650 4 _aEvolución social
_96707
650 4 _aCultura
_97095
905 _aLibro
999 _c87927
_d87927